Η κοινωνική κατασκευή του εγκλήματος : σημεία και κώδικες στον κινηματογράφο: ανάλυση περιεχομένου στην ταινία «Η κοκκινοσκουφίτσα»

Saved in:
Bibliographic Details
Main Author: Ρίνης, Νίκος
Corporate Author: Πανεπιστήμιο Αιγαίου Σχολή Κοινωνικών Επιστημών Τμήμα Κοινωνιολογίας Μεταπτυχιακό Πρόγραμμα Σπουδών Έρευνα Εφαρμοσμένη στην Ανάπτυξη Καινοτόμων Τοπικών και Περιφερειακών Πολιτικών και την Κοινωνική Συνοχή
Other Authors: Γεωργούλας, Στράτος (Thesis advisor)
Format: Thesis Book
Language:Greek
Published: 2010
Subjects:
Online Access:http://hdl.handle.net/11610/11916
Tags: Add Tag
No Tags, Be the first to tag this record!

MARC

LEADER 00000cam a2200000 i 4500
001 1/9473
008 100715s2010 gre d
035 |l 10108643 
040 |a GR-MY-UA  |b gre  |e aacr 
041 0 |a gre 
082 0 |a 302.23  |2 (22) 
100 1 |a Ρίνης, Νίκος. 
245 1 2 |a Η κοινωνική κατασκευή του εγκλήματος :  |b σημεία και κώδικες στον κινηματογράφο: ανάλυση περιεχομένου στην ταινία «Η κοκκινοσκουφίτσα» /  |c Νίκος Ρίνης ; επιβλέπων καθηγητής: Στράτος Γεωργούλας 
260 |c 2010 
300 |a 80 σ.;  |b εικ.;  |c 30 εκ. 
500 |a Βιβλιογραφία: σ. 78-80 
502 |a Διατριβή (μεταπτυχιακή) – Πανεπιστήμιο Αιγαίου, Λέσβος, 2010. 
650 0 0 |a Fairy tales  |x Psychological aspects. 
650 0 0 |a Fairy tales  |x Social aspects. 
650 0 0 |a Stigma (Social psychology) 
650 0 0 |a Postmodernism  |x Psychological aspects. 
650 0 0 |a Crime in literature. 
650 0 0 |a Mass media and crime. 
650 0 0 |a Dissertations, Academic  |z Greece. 
700 1 |4 ths  |a Γεωργούλας, Στράτος. 
710 2 |a Πανεπιστήμιο Αιγαίου  |b Σχολή Κοινωνικών Επιστημών  |b Τμήμα Κοινωνιολογίας  |b Μεταπτυχιακό Πρόγραμμα Σπουδών Έρευνα Εφαρμοσμένη στην Ανάπτυξη Καινοτόμων Τοπικών και Περιφερειακών Πολιτικών και την Κοινωνική Συνοχή. 
852 |a INST  |b LESVOS  |c DIATR  |e 20100715  |h 109  |p 005100048386  |q 005100048386  |t MTXE  |y 23 
852 |a INST  |b LESVOS  |c DIATR  |e 20100715  |h 110  |p 005100048385  |q 005100048385  |t MTXE  |y 23 
856 |u http://hdl.handle.net/11610/11916 
901 |a BIBL1-2010-2 
909 |a Λ  |b 165014 
909 |a Λ  |b 165013 
924 |a ΡΙΝΗΣ  |b ΝΙΚΟΣ  |y ΛΕΣΒΟΣ  |z 2010-05 
970 |a ΤΖΑΦΕΡΗ  |b ΕΥΑΓΓΕΛΙΑ  |z 2010/07/15